Theory Construction And Calculations of Agricultural Machines Vol 1 (Record no. 178)

MARC details
000 -LEADER
fixed length control field 00374nam a22001457a 4500
020 ## - INTERNATIONAL STANDARD BOOK NUMBER
International Standard Book Number 978-93-83692-37-8
041 ## - LANGUAGE CODE
Language code of text/sound track or separate title ENG
100 ## - MAIN ENTRY--PERSONAL NAME
Personal name Boson. E.S
245 ## - TITLE STATEMENT
Title Theory Construction And Calculations of Agricultural Machines Vol 1
260 ## - PUBLICATION, DISTRIBUTION, ETC. (IMPRINT)
Place of publication, distribution, etc Daryaganj,
Name of publisher, distributor, etc United Book Prints
Date of publication, distribution, etc 2016
300 ## - PHYSICAL DESCRIPTION
Extent 314
650 ## - SUBJECT ADDED ENTRY--TOPICAL TERM
Topical term or geographic name as entry element FMP
700 ## - ADDED ENTRY--PERSONAL NAME
Personal name Verniaev O.V , Smirnov.I
856 ## - ELECTRONIC LOCATION AND ACCESS
Uniform Resource Identifier FMP
Holdings
Withdrawn status Lost status Source of classification or shelving scheme Damaged status Not for loan Home library Current library Date acquired Cost, normal purchase price Total Checkouts Barcode Date last seen Price effective from Koha item type Shelving location
    Dewey Decimal Classification     College of Agricultural Engineering and Technology, Dapoli , Library College of Agricultural Engineering and Technology, Dapoli , Library 03/10/2022 2450.00   008214 03/10/2022 03/10/2022 Books Book Cart
    Dewey Decimal Classification     College of Agricultural Engineering and Technology, Dapoli , Library Liberty 18/01/2021 2450.00   007767 18/01/2021 18/01/2021 Books  
    Dewey Decimal Classification     College of Agricultural Engineering and Technology, Dapoli , Library Liberty 18/01/2021 2450.00   007768 18/01/2021 18/01/2021 Books  

Contact Us: College of Agricultural Engineering and Technology, Dapoli, Dist.- Ratnagiri
Website: https://dbskkv.org Email: caetlibrary2015@gmail.com